书目信息 |
| 题名: |
英语应试不可不知的1100个单词
|
|
| 作者: | 布朗伯格, , 戈登, 著 | |
| 分册: | ||
| 出版信息: | 上海 上海世界图书出版公司 2005.02 |
|
| 页数: | 380页 | |
| 开本: | 27cm | |
| 丛书名: | ||
| 单 册: | ||
| 中图分类: | H313-42 | |
| 科图分类: | ||
| 主题词: | 英语--ying yu--高等学校--入学考试--词汇--自学参考资料 | |
| 电子资源: | ||
| ISBN: | 7-5062-6766-7 | |
| 000 | 01117nam0 2200265 450 | |
| 001 | 012006943890 | |
| 005 | 20060925164028.81 | |
| 010 | @a7-5062-6766-7@dCNY28.80 | |
| 100 | @a20060830d2005 km y0chiy0120 ea | |
| 101 | 0 | @aeng |
| 102 | @aCN@b310000 | |
| 105 | @ay z 001yy | |
| 200 | 1 | @a英语应试不可不知的1100个单词@Aying yu ying shi bu ke bu zhi de 1100 ge dan ci@d= 1100 Words You Need to Know@f(美) 默里·布朗伯格, 梅尔文·戈登著@F(mei)mo li·bu lang bo ge,mei er wen·ge deng zhu@zeng |
| 205 | @a第4版 | |
| 210 | @a上海@c上海世界图书出版公司@d2005.02 | |
| 215 | @a380页@d27cm | |
| 320 | @a有索引 (第377-380页)。 | |
| 330 | @a本书收录了1100个单词和习语,以增加你的词汇量。超过50万的读者曾受益于这本书所列选的单词,同时,我们所制定的方案也帮助他们学辉参如何使用这些重要的单词。 | |
| 510 | 1 | @a1100 Words You Need to Know@zeng |
| 606 | 0 | @a英语@Aying yu@x高等学校@x入学考试@x词汇@j自学参考资料 |
| 690 | @aH313-42@v4 | |
| 701 | 1 | @a布朗伯格,@Abu lang bo ge,@bM.@g(Bromberg, Murray)@4著 |
| 701 | 1 | @a戈登,@Age deng,@bM.@g(Gordon, Melvin)@4著 |
| 801 | 0 | @aCN@c20060925 |
| 905 | @a10447@dH313-42@eB982 | |
| 英语应试不可不知的1100个单词= 1100 Words You Need to Know/(美) 默里·布朗伯格, 梅尔文·戈登著.-第4版.-上海:上海世界图书出版公司,2005.02 |
| 380页;27cm |
| ISBN 7-5062-6766-7:CNY28.80 |
| 本书收录了1100个单词和习语,以增加你的词汇量。超过50万的读者曾受益于这本书所列选的单词,同时,我们所制定的方案也帮助他们学辉参如何使用这些重要的单词。 |
| ● |
| 相关链接 |
|
|
|
正题名:英语应试不可不知的1100个单词
索取号:H313-42/B982
 
预约/预借
| 序号 | 登录号 | 条形码 | 馆藏地/架位号 | 状态 | 备注 |
| 1 | 220982 | 202209822 | 语言库209/209语言库 31排1列4层/ [索取号:H313-42/B982] | 在馆 | |
| 2 | 220983 | 202209831 | 语言库209/209语言库 31排1列4层/ [索取号:H313-42/B982] | 在馆 | |
| 3 | 220984 | 202209840 | 语言库209/209语言库 31排1列4层/ [索取号:H313-42/B982] | 在馆 |